• 首页
  • 本馆介绍
  • 公告通知
  • 最新文献
  • 馆藏检索
  • 电子资源
  • 读者导购
  • 参考咨询
  • 我的图书馆
  • 登录
  • 详细信息显示
  • 放入我的书架
  • 预约/预借图书
  • 作者相关作品
  • 分类相关作品
  • 丛书相关作品
  • 出版社相关作品

书目信息

  • 表格格式
  • 工作单格式
  • 卡片格式
题名:
高效率大全
    
 
作者: 张弘 , 欧阳云 著
分册:  
出版信息: 呼和浩特   远方出版社  2004
页数: 302页
开本: 21cm
丛书名: 实用智慧文库
单 册:
中图分类: C935
科图分类:
主题词: 时间--管理 , 时间 , 工作方法
电子资源:
ISBN: 7-80595-933-1
000 00933oam2 2200289 45
001 0900000012174
005 20051017105012.29
010    @a7-80595-933-1@dCNY500.00(全20册)
092    @aCN
100    @a20040923d2004 ekmy0chiy0120 ea
101 0  @achi
102    @aCN@b150000
105    @ay z 000yy
200 1  @a高效率大全@9gao xiao lu^ da quan@f张弘,欧阳云著@Fzhang hong,ou yang yun zhu
210    @a呼和浩特@c远方出版社@d2004
215    @a302页@d21cm
225 2  @a实用智慧文库
330    @a本书内容包括七章,分别为“作一个人生的规划”、“调整你的心态”、“调整你的步伐”、“个人时间使用术”、“工作时间使用术”、“行动—化目标为现实的关键”、“人重于事”。
461  0 @12001 @a实用智慧文库
606 0  @a时间@x管理
606 0  @a时间
606 0  @a工作方法
690    @aC935@v4
701  0 @a张弘@Azhang hong@4著
701  0 @a欧阳云@Aou yang yun@4著
801  0 @aCN@bTSSF@c20051017
905    @a10447@dC935@e186
    
    高效率大全/张弘,欧阳云著.-呼和浩特:远方出版社,2004
    302页;21cm.-(实用智慧文库)
    
    
    ISBN 7-80595-933-1:CNY500.00(全20册)
    本书内容包括七章,分别为“作一个人生的规划”、“调整你的心态”、“调整你的步伐”、“个人时间使用术”、“工作时间使用术”、“行动—化目标为现实的关键”、“人重于事”。
●
相关链接 在E读中查询图书 在五车中查询图书 在当当中查询图书 在豆瓣中查询图书


正题名:高效率大全     索取号:C935/186         预约/预借

序号 登录号 条形码 馆藏地/架位号 状态 备注
1 0366471   3664715   第一样本阅览室/ [索取号:C935/186] 在馆    
2 0366472   3664724   第一借阅区/ [索取号:C935/186] 在馆    
3 0366473   3664733   第一借阅区/ [索取号:C935/186] 在馆    
4 0366474   3664742   第一借阅区/ [索取号:C935/186] 在馆    
5 0366475   3664751   第一借阅区/ [索取号:C935/186] 在馆    
欢迎您!
大连网信软件有限公司© 版权所有